| 000 | 00000nam##2200000za#4500 |
| 001 | 9.647635 |
| 003 | CaOODSP |
| 005 | 20200330131049 |
| 007 | ta |
| 008 | 150407|2000||||xxc||||| f|0| 0 eng|d |
| 020 | |a0-662-28578-6 |
| 040 | |aCaOODSP|beng |
| 043 | |an-cn--- |
| 086 | 1 |aH39-521/2000E |
| 110 | 1 |aCanada.|bHealth Canada. |bHealth Promotion and Programs Branch. |
| 245 | 10|aFacts about hepatitis C: a liver disease / |cIssued jointly by the Canadian Liver Foundation. |
| 260 | |aOttawa - Ontario : |bHealth Canada. |c2000. |
| 300 | |a1 sheet. ; |c28 cm. |
| 590 | |a00-20|b2000-05-19 |
| 590 | |a00-23|b2000-06-09 |
| 690 | 07|aHepatitis|2gcpds |
| 775 | 08|tLes faits au sujet de l'hépatite C: une maladie du foie / |w(CaOODSP)9.681038 |
| 776 | 0#|tFacts about hepatitis C, a liver disease / |w(CaOODSP)9.695851 |